| 000 | 00681nac a22002051u 4500 | ||
|---|---|---|---|
| 008 | 100824s2003|||||r|||| 001 0 eng d | ||
| 010 | _a 2002040755 | ||
| 020 | _a0273657593 | ||
| 082 | 0 | 0 |
_a658.4033 _bMOR _222 |
| 100 |
_aMorris, Clare. _917640 |
||
| 245 | 1 | 0 |
_aQuantitative Approaches in Business Studies / _cClare Morris. |
| 250 | _a6th ed. | ||
| 260 |
_aHarlow, England; _aNew York: _bFT/Prentice Hall, _c2003. |
||
| 300 |
_axix, 512 p. : _bill. ; _c25 cm. |
||
| 500 | _ainclude index | ||
| 650 | 0 |
_aManagement _xStatistical methods. _917641 |
|
| 650 | 0 |
_917642 _aDecision making _xMathematical models |
|
| 650 | 0 |
_917643 _aStatistical decision |
|
| 942 |
_cBB _k658.4033 MOR _2ddc |
||
| 999 |
_c5 _d5 |
||